Textbook of Health Nursing Informatics and Technology (Record no. 158704)
[ view plain ]
| 000 -LEADER | |
|---|---|
| fixed length control field | 00425nam a2200145Ia 4500 |
| 008 - FIXED-LENGTH DATA ELEMENTS--GENERAL INFORMATION | |
| fixed length control field | 230411s9999 xx 000 0 und d |
| 020 ## - INTERNATIONAL STANDARD BOOK NUMBER | |
| International Standard Book Number | 978-93-90619-21-4 |
| 041 ## - LANGUAGE CODE | |
| Language code of text/sound track or separate title | eng |
| 082 ## - DEWEY DECIMAL CLASSIFICATION NUMBER | |
| Classification number | C/004/RAN/B09891 |
| 100 ## - MAIN ENTRY--PERSONAL NAME | |
| Personal name | Randhir Priyanka |
| 9 (RLIN) | 180179 |
| 245 ## - TITLE STATEMENT | |
| Title | Textbook of Health Nursing Informatics and Technology |
| 260 ## - PUBLICATION, DISTRIBUTION, ETC. (IMPRINT) | |
| Name of publisher, distributor, etc. | CBS Publishers & Distributors |
| Place of publication, distribution, etc. | New Delhi |
| Date of publication, distribution, etc. | 2017 |
| 300 ## - PHYSICAL DESCRIPTION | |
| Extent | 372p |
| Withdrawn status | Lost status | Damaged status | Not for loan | Collection code | Home library | Current library | Date acquired | Vendor | Cost, normal purchase price | Bill number | Full call number | Barcode | Date last seen | Cost, replacement price | Bill Date | Koha item type | Original Barcode | Total Checkouts | Total Renewals | Date last checked out |
|---|---|---|---|---|---|---|---|---|---|---|---|---|---|---|---|---|---|---|---|---|
| Reference | Smt. Bakul Tambat Institute of Nursing Education | Smt. Bakul Tambat Institute of Nursing Education | 17/12/2022 | Patil Medical Book House | 499.00 | 7413 | C 004 RAN B09891 | BTIN-BK-9891 | 11/04/2023 | 329.34 | 15/12/2022 | Books | B09891 | |||||||
| Smt. Bakul Tambat Institute of Nursing Education | Smt. Bakul Tambat Institute of Nursing Education | 17/12/2022 | Patil Medical Book House | 499.00 | 7413 | C 004 RAN B09892 | BTIN-BK-9892 | 30/05/2025 | 329.34 | 15/12/2022 | Books | B09892 | 15 | 5 | 28/05/2025 | |||||
| Smt. Bakul Tambat Institute of Nursing Education | Smt. Bakul Tambat Institute of Nursing Education | 17/12/2022 | Patil Medical Book House | 499.00 | 7413 | C 004 RAN B09893 | BTIN-BK-9893 | 18/03/2025 | 329.34 | 15/12/2022 | Books | B09893 | 14 | 2 | 27/02/2025 | |||||
| Smt. Bakul Tambat Institute of Nursing Education | Smt. Bakul Tambat Institute of Nursing Education | 17/12/2022 | Patil Medical Book House | 499.00 | 7413 | C 004 RAN B09894 | BTIN-BK-9894 | 30/05/2025 | 329.34 | 15/12/2022 | Books | B09894 | 15 | 7 | 28/05/2025 |